书目信息 |
| 题名: |
稀土离子的光谱学
|
|
| 作者: | 张思远 著 | |
| 分册: | ||
| 出版信息: | 北京 科学出版社 2008 |
|
| 页数: | 297页 | |
| 开本: | 24cm | |
| 丛书名: | 21世纪科学版化学专著系列 | |
| 单 册: | ||
| 中图分类: | O614.33 , O433 | |
| 科图分类: | ||
| 主题词: | 稀土族--离子--光谱学 , 稀土族 , 离子 , 光谱学 | |
| 电子资源: | ||
| ISBN: | 978-7-03-021263-4 | |
| 000 | 00996oam2 2200301 450 | |
| 001 | 4835 | |
| 005 | 20181013103100.89 | |
| 010 | @a978-7-03-021263-4@b精装@dCNY128.00 | |
| 100 | @a20080725d2008 em y0chiy50 ea | |
| 101 | 0 | @achi |
| 102 | @aCN@b110000 | |
| 105 | @ay z 000yy | |
| 200 | 1 | @a稀土离子的光谱学@9xi tu li zi de guang pu xue@e光谱性质和光谱理论@f张思远著 |
| 210 | @a北京@c科学出版社@d2008 | |
| 215 | @a297页@d24cm | |
| 225 | 2 | @a21世纪科学版化学专著系列 |
| 330 | @a本书从自由稀土离子的光谱项、能级理论和计算方法入手,论述了晶体环境对光谱行为和能级的影响,以及晶体环境对它们影响的规律性。 | |
| 461 | 0 | @12001 @a21世纪科学版化学专著系列 |
| 517 | 1 | @a光谱性质和光谱理论@9guang pu xing zhi he guang pu li lun |
| 606 | 0 | @a稀土族@x离子@x光谱学 |
| 606 | 0 | @a稀土族 |
| 606 | 0 | @a离子 |
| 606 | 0 | @a光谱学 |
| 690 | @aO614.33@v4 | |
| 690 | @aO433@v4 | |
| 701 | 0 | @a张思远@9zhang si yuan@f(1940.1~)@4著 |
| 801 | 0 | @aCN@b91MARC@c20130904 |
| 905 | @aMuseLib@dO614.33@e22 | |
| 稀土离子的光谱学:光谱性质和光谱理论/张思远著.-北京:科学出版社,2008 |
| 297页;24cm.-(21世纪科学版化学专著系列) |
| ISBN 978-7-03-021263-4(精装):CNY128.00 |
| 本书从自由稀土离子的光谱项、能级理论和计算方法入手,论述了晶体环境对光谱行为和能级的影响,以及晶体环境对它们影响的规律性。 |
| ● |
| 相关链接 |
|
|
|
|
正题名:稀土离子的光谱学
索取号:O614.33/22
 
预约/预借
| 序号 | 登录号 | 条形码 | 馆藏地/架位号 | 状态 | 备注 |
| 1 | 1126871 | 211268714 | 第二样本阅览室/ [索取号:O614.33/22] | 在馆 | |
| 2 | 1126872 | 211268723 | 第三借阅区/ [索取号:O614.33/22] | 在馆 | |
| 3 | 1126873 | 211268732 | 第三借阅区/ [索取号:O614.33/22] | 在馆 |